Základné makroekonomické proporcie vývoja ekonomiky Slovenska v roku 1992

Guardado en:
Detalles Bibliográficos
Autor principal: Kárász, Pavol
Otros Autores: Renčko, Juraj
Formato: Libro
Lenguaje:eslovaco
Publicado: Bratislava Prognostický ústav SAV 1992
Colección:Otvorená séria
Materias:
Etiquetas: Agregar Etiqueta
Sin Etiquetas, Sea el primero en etiquetar este registro!

MARC

LEADER 00000nam a2200000 4500
001 c100015
005 20240422064022.5
041 0 |a slo 
044 |a SK 
245 1 0 |a Základné makroekonomické proporcie vývoja ekonomiky Slovenska v roku 1992  |c Pavol Kárász, Juraj Renčko 
264 1 |a Bratislava  |b Prognostický ústav SAV  |c 1992 
300 |a 18 s. 
490 1 |a Otvorená séria 
830 0 |a Otvorená séria 
610 2 0 |a vývoj hospodársky 
610 2 0 |a makroekonomika 
610 2 0 |a Slovensko 
610 2 0 |a dopyt 
610 2 0 |a demografia 
610 2 0 |a zamestnanosť 
610 2 0 |a ceny 
610 2 0 |a dôchodky 
100 1 |a Kárász, Pavol 
700 1 |a Renčko, Juraj